Music Quiz

Random Music or Song Quiz

Hit lyrics of 2010 Quiz Stats

 Plays Quiz not verified by Sporcle

Score 0/12 Timer 10:00
0 Plays Today
Lyric Lyric % Correct
Sippin' sizzurp in my ride, like Three 6;Now I'm feeling so fly like a G6
85%
I see no changes, wake up in the morning and I ask myselfis life worth living should I blast myself?
25%
They be like, 'Smooth'? 'What'?Can you teach me how to dougie?
25%
I keep on Runnin', Keep on Runnin', and nothing helpsI can't get away from you
20%
she smokes a pack a daywait thats me but anyway
20%
I said if you got you two dollars then come through to my partyBut get bent before you come cause for that liqour I'll be charging
10%
I just wanna get your attentionI really wanna be all up in your head
10%
I think you need to close your mouthcause you aint gonna tie me down
10%
Early in the morning, rise up to the street,light me up that cigarette and I'll strap shoes on my feet
10%
I just wanna be alone tonight, I just wanna take a little breathercause lately all we do is fight and everytime it cuts me deeper
5%
Don't know what they hate, for I'm Just gettin my paper Well maybe they'll love me more when I'm gone I don't wanna leave but I need to it's such a shameThey gone miss this plane
0%
For you I'd write a symphonyI'll tell them violins its time to sink or swim
0%

You're not logged in!

Compare scores with friends on all Sporcle quizzes.
OR
Log In

Show Comments

Extras

Created Oct 23, 2010ReportNominate
Tags:Lyrics Quiz, Song Quiz

Top Quizzes Today


Score Distribution

Your Account Isn't Verified!

In order to create a playlist on Sporcle, you need to verify the email address you used during registration. Go to your Sporcle Settings to finish the process.

Report this User

Report this user for behavior that violates our Community Guidelines.

Details: